| 000 | 01073cam a22003255a 4500 | ||
|---|---|---|---|
| 001 | 17083402 | ||
| 003 | EG-ScBUE | ||
| 005 | 20241210093410.0 | ||
| 008 | 111214s2012 enka fr f001 0 eng d | ||
| 020 | _a9780199601615 | ||
| 040 |
_aDLC _beng _erda _cDLC _dEG-ScBUE |
||
| 082 | 0 | 4 |
_a519.502855133 _bBEC _222 |
| 100 | 1 |
_aBeckerman, Andrew P., _eauthor. _938190 |
|
| 245 | 1 | 0 |
_aGetting started with R : _ban introduction for biologists / _cAndrew P. Beckerman, Owen L. Petchey. |
| 250 | _aFirst edition. | ||
| 264 | 1 |
_aOxford : _bOxford University Press, _c2012. |
|
| 300 |
_ax, 113 pages : _billustrations ; _c24 cm. |
||
| 336 |
_2rdacontent _atext _btxt |
||
| 337 |
_2rdamedia _aunmediated _bn |
||
| 338 |
_2rdacarrier _avolume _bnc |
||
| 490 | 0 | _aOxford boilogy | |
| 500 | _aIncludes index. | ||
| 650 | 7 |
_aR (Computer program language) _2BUEsh |
|
| 650 | 7 |
_920131 _aMathematical statistics _xData processing. _2BUEsh |
|
| 651 | _2BUEsh | ||
| 653 |
_bBUSECO _bCOMSCI _cJune2015 |
||
| 655 | _vReading book | ||
| 700 | 1 |
_aPetchey, Owen L., _eauthor. |
|
| 942 |
_2ddc _cBB |
||
| 999 |
_c19516 _d19488 |
||